000 00990nam a2200265 c 4500
003 BLK
005 20190913121201.0
008 180911b bul|||||r ||||||| ||bul||
010 _a002089
040 _aBLK
041 _aBUL
080 _aПротогеров, Александър
_x92
_z949.72949.72(092)92
100 1 _aПУНДЕВ, Васил
_eпърви автор
245 0 0 _aСлед злодейството
246 _a6 месеца от убийството на Александър Протогеров : Материали и бележки
260 _aСофия
_bпеч. Елисей Петков
_c1929
300 _a141 с
_c20 см
380 _a9
490 _aЧастна колекция - Академик Михаил Арнаудов
_gДарение - Основен фонд
650 _aБиографии
655 _aбългарска история
700 1 _aВ. Пундев
852 _aМА 1780
942 _cKNG
_n0
944 _aCR
_c1996
_kValK
999 _c342450
_d342450